[Event "TCh-CHN Division A 2014"]
[Site "Jiangmen CHN"]
[Date "2014.04.14"]
[Round "3.2"]
[White "Lei, Tingjie"]
[Black "Ding, Yixin"]
[Result "0-1"]
[WhiteTitle "WGM"]
[BlackTitle "WGM"]
[WhiteElo "2421"]
[BlackElo "2440"]
[WhiteTeam "Qingdao Experimental School"]
[BlackTeam "Zhejiang"]
[WhiteFideId "8605114"]
[BlackFideId "8602972"]
[EventDate "2014.04.12"]

1. c4 Nf6 2. Nc3 c5 3. g3 g6 4. Bg2 Bg7 5. Nf3 O-O 6. O-O d5 7. cxd5 Nxd5 8. Qb3
Nb4 9. d3 Be6 10. Qd1 N8c6 11. Ng5 Bd7 12. Be3 Na6 13. Rc1 h6 14. Nf3 Nd4 15.
Ne4 Nf5 16. Bd2 Bxb2 17. Rb1 Bg7 18. Rxb7 c4 19. Rb1 cxd3 20. exd3 Be6 21. Qe2
Rc8 22. Rb7 Rc2 23. a4 Bd5 24. Rxa7 Qb6 25. Ba5 Qc6 26. Rxa6 Rxe2 27. Rxc6 Bxc6
28. Nfd2 Ra8 29. Nc4 Rc2 30. Na3 Ra2 31. Nc4 Rxa4 32. Bd2 Ra1 33. Nf6+ Bxf6 34.
Bxc6 Rxf1+ 35. Kxf1 Ra1+ 36. Kg2 Bg7 37. Be4 Nd4 38. Bc3 Ra2 39. Bb4 e6 40. Bb7
g5 41. g4 Ne2 42. Kf3 Bd4 43. Bd2 Nf4 44. Be4 Nh3 45. Be3 Bxe3 46. fxe3 Ng1+ 47.
Kg3 Ne2+ 48. Kh3 Kg7 49. Ne5 f5 50. gxf5 exf5 51. Bb7 Kf6 52. d4 h5 53. Bd5 Ng1+ 0-1

[Event "TCh-CHN Division A 2014"]
[Site "Jiangmen CHN"]
[Date "2014.04.14"]
[Round "3.2"]
[White "Gong, Qianyun"]
[Black "Qiu, Mengjie"]
[Result "1/2-1/2"]
[WhiteTitle "WIM"]
[BlackTitle "WFM"]
[WhiteElo "2349"]
[BlackElo "2126"]
[WhiteTeam "Qingdao Experimental School"]
[BlackTeam "Zhejiang"]
[WhiteFideId "8602425"]
[BlackFideId "8606137"]
[EventDate "2014.04.12"]

1. d4 Nf6 2. c4 g6 3. f3 d5 4. cxd5 Nxd5 5. e4 Nb6 6. Nc3 Bg7 7. Be3 O-O 8. f4
Nc6 9. d5 Na5 10. Bd4 e5 11. Bxe5 Bxe5 12. fxe5 Re8 13. Nf3 Bg4 14. Qd4 Bxf3 15.
gxf3 Qh4+ 16. Qf2 Qf4 17. Qg3 Qxe5 18. O-O-O Nac4 19. f4 Qe7 20. e5 f6 21. d6
Qf7 22. b3 fxe5 23. bxc4 exf4 24. Qg5 cxd6 25. Nd5 Nxd5 26. Qxd5 Rac8 27. Qxf7+
Kxf7 28. Rxd6 b5 29. Kc2 bxc4 30. Rd4 g5 31. h4 h6 32. hxg5 hxg5 33. Rh6 Red8
34. Rxd8 Rxd8 35. Bxc4+ Kg7 36. Ra6 Rd7 37. Bd3 Kf7 38. Bg6+ Ke7 39. Bf5 Rc7+
40. Kd3 Kf7 41. Bg4 Rb7 42. Bh5+ Ke7 43. Rg6 Rb2 44. Rg7+ Kd6 45. Rxa7 Rh2 46.
Ra6+ Kc7 47. Bf3 Rf2 48. Ke4 Kb7 49. Ra3 Kb6 50. Rb3+ Kc5 51. a4 Kc4 52. Ra3 Kb4
53. Ra1 Ka5 54. Bg4 Rc2 55. Bd7 Re2+ 56. Kf5 Rg2 57. Rd1 f3 58. Bc6 g4 59. Kf4
Kb6 60. Bb5 f2 61. Rf1 g3 62. Kf3 Rg1 63. Rxf2 gxf2 64. Kxf2 Rg4 65. Ke3 Kc5 66.
Kd3 Rh4 67. Be8 Kd5 1/2-1/2

[Event "TCh-CHN Division A 2014"]
[Site "Jiangmen CHN"]
[Date "2014.04.14"]
[Round "3.3"]
[White "Wan, Yunguo"]
[Black "Yu, Ruiyuan"]
[Result "1-0"]
[WhiteTitle "IM"]
[BlackTitle "GM"]
[WhiteElo "2493"]
[BlackElo "2552"]
[WhiteTeam "Hebei"]
[BlackTeam "Jiangsu"]
[WhiteFideId "8603189"]
[BlackFideId "8603090"]
[EventDate "2014.04.12"]

1. e4 c6 2. d4 d5 3. e5 Bf5 4. Nf3 e6 5. Be2 c5 6. Be3 Qb6 7. Nc3 Nc6 8. O-O
Qxb2 9. Qe1 cxd4 10. Bxd4 Nxd4 11. Nxd4 Bb4 12. Ndb5 Bxc3 13. Nxc3 Nh6 14. Rb1
Qxc2 15. Bb5+ Kf8 16. Qe3 Bg6 17. Rbc1 Qf5 18. Qc5+ Kg8 19. Ne4 Rf8 20. Qxf8+
Kxf8 21. Rc8+ Ke7 22. Rxh8 Ng8 23. Rxg8 f6 24. Nd6 Qxe5 25. Nc8+ Kf7 26. Rh8 1-0

[Event "TCh-CHN Division A 2014"]
[Site "Jiangmen CHN"]
[Date "2014.04.14"]
[Round "3.3"]
[White "Yang, Kaiqi"]
[Black "Lin, Chen"]
[Result "1-0"]
[WhiteTitle "IM"]
[BlackTitle "IM"]
[WhiteElo "2351"]
[BlackElo "2463"]
[WhiteTeam "Hebei"]
[BlackTeam "Jiangsu"]
[WhiteFideId "8604398"]
[BlackFideId "8602298"]
[EventDate "2014.04.12"]

1. e4 c5 2. Nf3 e6 3. d4 cxd4 4. Nxd4 Nf6 5. Nc3 d6 6. g4 h6 7. h4 Nc6 8. Rg1 h5
9. gxh5 Nxh5 10. Bg5 Nf6 11. Qd2 a6 12. O-O-O Bd7 13. f4 Qb6 14. Nf3 Nh7 15. Bh3
Nxg5 16. Nxg5 Rxh4 17. f5 Rxh3 18. Nxh3 Ne5 19. fxe6 Bxe6 20. Qf2 Qa5 21. Nf4
Bxa2 22. Rg3 Bc4 23. Kb1 Rc8 24. Qd4 g6 25. Rh3 b5 26. Rh8 Rc6 27. Qa7 Qd8 28.
Ncd5 Bxd5 29. Nxd5 Nd7 30. Rdh1 Rc4 31. R1h7 Qg5 32. Rxf8+ 1-0

[Event "TCh-CHN Division A 2014"]
[Site "Jiangmen CHN"]
[Date "2014.04.14"]
[Round "3.3"]
[White "Guo, Qi"]
[Black "Zhai, Mo"]
[Result "1/2-1/2"]
[WhiteTitle "WGM"]
[BlackTitle "WIM"]
[WhiteElo "2458"]
[BlackElo "2325"]
[WhiteTeam "Jiangsu"]
[BlackTeam "Hebei"]
[WhiteFideId "8604002"]
[BlackFideId "8600201"]
[EventDate "2014.04.12"]

1. Nf3 Nf6 2. c4 d5 3. g3 e6 4. Bg2 Be7 5. O-O O-O 6. b3 c5 7. Bb2 Nc6 8. e3 b6
9. Nc3 Ba6 10. d3 Rc8 11. Qe2 Qc7 12. Rfd1 Rfd8 13. Rac1 Qb8 14. Rd2 Nb4 15. a3
Nc6 16. Qd1 d4 17. exd4 Nxd4 18. Nxd4 cxd4 19. Nb5 e5 20. Re2 Bf8 21. a4 Re8 22.
Qe1 Rcd8 23. Rd1 Bc8 24. Ba3 a6 25. Bxf8 axb5 26. Bb4 bxa4 27. bxa4 Bg4 28. f3
Bf5 29. Ra2 Rd7 30. Qd2 Ra7 31. Rda1 Rc8 32. Ra3 h6 33. Qb2 Nd7 34. Rb3 Qc7 35.
Rba3 Nb8 36. a5 bxa5 37. Bxa5 Qd7 38. Qd2 Qc7 39. Qb2 Qd7 40. Qd2 Qe6 41. h4 h5
42. Kh2 Nd7 43. Bb4 Rxa3 44. Rxa3 Nc5 45. Bxc5 Rxc5 46. Qg5 Rc8 47. Qd2 Rc5 48.
Qg5 g6 49. Qd8+ Kg7 50. f4 Rc8 51. Qd5 Qxd5 52. Bxd5 exf4 53. gxf4 Re8 54. c5
Re2+ 55. Kg1 Rc2 56. c6 Rc5 57. Bf3 Rc3 58. Ra7 Rxd3 59. Bd5 Rc3 60. Rxf7+ 1/2-1/2

[Event "TCh-CHN Division A 2014"]
[Site "Jiangmen CHN"]
[Date "2014.04.14"]
[Round "3.3"]
[White "Shen, Yang"]
[Black "Wang, Doudou"]
[Result "1-0"]
[WhiteTitle "IM"]
[BlackTitle "WIM"]
[WhiteElo "2475"]
[BlackElo "2215"]
[WhiteTeam "Jiangsu"]
[BlackTeam "Hebei"]
[WhiteFideId "8603162"]
[BlackFideId "8603197"]
[EventDate "2014.04.12"]

1. d4 d5 2. Nf3 Nf6 3. c4 c6 4. Qc2 g6 5. e3 Bg7 6. Nbd2 O-O 7. Bd3 a6 8. O-O
Nbd7 9. b3 b6 10. Bb2 Bb7 11. b4 b5 12. c5 Qc7 13. a4 Rfb8 14. Ra3 Ne8 15. Rfa1
e5 16. dxe5 Nxe5 17. Nxe5 Bxe5 18. Bxe5 Qxe5 19. Nf3 Qf6 20. Nd4 Nc7 21. axb5
axb5 22. Rxa8 Rxa8 23. Rxa8+ Bxa8 24. Qa2 Qd8 25. Qa5 Qc8 26. h3 Bb7 27. e4 dxe4
28. Bxe4 Qd7 29. Qa1 Qe8 30. Bf3 Qe5 31. Qd1 Nd5 32. Qd2 Kg7 33. Nb3 Ne7 34. Qd4
Kf6 35. g4 Qxd4 36. Nxd4 Ke5 37. Nxb5 Ba6 38. Na7 Bb5 39. Nxb5 cxb5 40. Kf1 Kd4
41. g5 Kc4 42. c6 Kxb4 43. c7 Kc3 44. Bg4 b4 45. c8=Q+ Nxc8 46. Bxc8 b3 47. Bb7
Kd4 48. f3 Ke5 49. Kf2 f6 50. gxf6 Kxf6 51. Be4 h6 52. h4 b2 53. Kg3 g5 54.
hxg5+ Kxg5 55. Bb1 Kh5 56. Ba2 Kg5 57. f4+ Kh5 58. Bf7# 1-0

[Event "TCh-CHN Division A 2014"]
[Site "Jiangmen CHN"]
[Date "2014.04.14"]
[Round "3.4"]
[White "Zhou, Weiqi"]
[Black "Xu, Yinglun"]
[Result "1-0"]
[WhiteTitle "GM"]
[WhiteElo "2614"]
[BlackElo "2410"]
[WhiteTeam "Chongqing"]
[BlackTeam "Guangdong"]
[WhiteFideId "8601674"]
[BlackFideId "8604940"]
[EventDate "2014.04.12"]

1. d4 d5 2. Bf4 e6 3. e3 Nf6 4. Nd2 c5 5. c3 Nc6 6. Ngf3 Bd6 7. Bg3 O-O 8. Bd3
b6 9. Ne5 Bb7 10. f4 Nd7 11. O-O f5 12. Bh4 Qxh4 13. Nxd7 Rf7 14. Ne5 Nxe5 15.
fxe5 Be7 16. Rf3 Qh5 17. Qa4 Bf8 18. Raf1 c4 19. Bb1 Qg5 20. R1f2 Rc7 21. Qd1 g6
22. Rh3 Rg7 23. Rf4 Bc6 24. g4 Qd8 25. Rf2 Rb8 26. Rg3 b5 27. a3 Rbb7 28. Nf3 a5
29. gxf5 gxf5 30. Ng5 Qe8 31. Qf3 h6 32. Nh3 b4 33. axb4 axb4 34. Bc2 bxc3 35.
bxc3 Qe7 36. Nf4 Qf7 37. Nh5 Be8 38. Nxg7 Bxg7 39. Qd1 Qh5 40. Qf3 Qf7 41. Qd1
Qh5 42. Qa1 Kh7 43. Qa6 Qf7 44. e4 Ra7 45. Qc8 dxe4 46. Bxe4 Bd7 47. Qxc4 1-0

[Event "TCh-CHN Division A 2014"]
[Site "Jiangmen CHN"]
[Date "2014.04.14"]
[Round "3.4"]
[White "Zvjaginsev, Vadim"]
[Black "Zeng, Chongsheng"]
[Result "1/2-1/2"]
[WhiteTitle "GM"]
[BlackTitle "GM"]
[WhiteElo "2655"]
[BlackElo "2540"]
[WhiteTeam "Chongqing"]
[BlackTeam "Guangdong"]
[WhiteFideId "4113403"]
[BlackFideId "8603847"]
[EventDate "2014.04.12"]

1. Nf3 d5 2. e3 Nf6 3. c4 c6 4. Nc3 g6 5. d4 Bg7 6. Be2 O-O 7. O-O b6 8. Bd2 Ne4
9. Be1 Bb7 10. Rc1 Nd7 11. b4 e6 12. Nxe4 dxe4 13. Nd2 Qe7 14. Nxe4 c5 15. Bf3
cxd4 16. exd4 Rad8 17. Nd2 Bxf3 18. Nxf3 Ne5 19. c5 bxc5 20. bxc5 Nxf3+ 21. Qxf3
Bxd4 22. c6 Rd5 23. Bc3 Qa3 24. Bxd4 Qxf3 25. gxf3 Rxd4 26. Rc3 Rc8 27. Rb1 Kf8
28. Rb7 a5 29. Rc5 a4 30. Ra7 Rd6 31. Rb5 Rd5 32. Rb6 Rc5 33. Rxa4 R8xc6 34. Rh4
h5 35. a4 Rc3 36. Kg2 Ra3 37. Rd4 g5 38. h4 gxh4 39. Rxh4 Kg7 40. Rxh5 1/2-1/2

[Event "TCh-CHN Division A 2014"]
[Site "Jiangmen CHN"]
[Date "2014.04.14"]
[Round "3.4"]
[White "Wang, Chen"]
[Black "Li, Shilong"]
[Result "1/2-1/2"]
[WhiteTitle "IM"]
[BlackTitle "GM"]
[WhiteElo "2508"]
[BlackElo "2495"]
[WhiteTeam "Chongqing"]
[BlackTeam "Guangdong"]
[WhiteFideId "8601020"]
[BlackFideId "8600678"]
[EventDate "2014.04.12"]

1. e4 c5 2. Nc3 d6 3. f4 g6 4. Nf3 Bg7 5. Bb5+ Bd7 6. Bc4 Nc6 7. O-O Na5 8. Be2
Nf6 9. Qe1 O-O 10. Qh4 Nc6 11. d3 Nd4 12. Bd1 Rc8 13. Kh1 b5 14. f5 gxf5 15. Bh6
Bxh6 16. Qxh6 Nxf3 17. Bxf3 b4 18. Ne2 Kh8 19. exf5 Bxf5 20. Ng3 Bg6 21. Be2 Ng8
22. Qe3 f5 23. d4 cxd4 24. Qxd4+ e5 25. Qxb4 a5 26. Qa4 f4 27. Bg4 Rb8 28. Ne2
Rxb2 29. Rac1 Nf6 30. Be6 Rb4 31. Qa3 Qe7 32. Bh3 Re4 33. Ng1 Re3 34. Qxa5 Ne4
35. Nf3 Ng5 36. Bg4 h5 37. Nh4 Be4 38. Bf3 Nxf3 39. Nxf3 Rg8 40. Rce1 Bxc2 41.
Rxe3 fxe3 42. Qc3 e2 43. Re1 Bd1 44. Ng1 Qg5 45. Qf3 Qh4 46. g3 Qg4 47. Kg2
Qxf3+ 48. Kxf3 Kg7 49. Nxe2 Ba4 50. Ke3 Kf6 51. Rb1 Ke6 52. Rb4 Ra8 53. Nc3 Bc6
54. Rb6 Kd7 55. Kd3 d5 56. a4 Rf8 57. a5 Rf3+ 58. Kd2 d4 59. Nb5 Rf2+ 60. Kd3
Ra2 61. Na7 Ra3+ 62. Kc4 Rc3+ 63. Kb4 Bd5 64. Nb5 Rc4+ 65. Ka3 Bc6 66. a6 d3 67.
a7 Be4 68. Rd6+ Ke7 69. Rxd3 Ba8 70. Kb3 Rc1 71. Rc3 Rh1 72. Nc7 Bb7 73. Rc2
Rb1+ 74. Ka2 Rb4 75. Ka3 Rb1 76. Ka2 Rb4 77. Ka3 Rb1 78. Ra2 e4 79. a8=Q Bxa8
80. Nxa8 Rb7 81. Re2 Ra7+ 82. Kb4 Rxa8 83. Rxe4+ Kf6 84. Rf4+ Kg5 85. Kc5 Ra2
86. h4+ Kg6 87. Rf3 Rd2 88. Kc4 Rd1 89. Kc5 Rd2 90. Kc6 Rd1 91. Rc3 Rd4 92. Rf3
Rd2 93. Rf8 Rd3 94. Rg8+ Kh7 95. Rg5 Kh6 96. Kc5 Rd8 97. Rd5 Rc8+ 98. Kd6 Rg8
99. Ke5 1/2-1/2

[Event "TCh-CHN Division A 2014"]
[Site "Jiangmen CHN"]
[Date "2014.04.14"]
[Round "3.4"]
[White "Liu, Manli CHN"]
[Black "Tan, Zhongyi"]
[Result "1-0"]
[BlackTitle "WGM"]
[WhiteElo "1988"]
[BlackElo "2465"]
[WhiteTeam "Guangdong"]
[BlackTeam "Chongqing"]
[WhiteFideId "8608121"]
[BlackFideId "8603642"]
[EventDate "2014.04.12"]

1. e4 c5 2. Nf3 Nc6 3. d4 cxd4 4. Nxd4 Qb6 5. Nf3 Qd8 6. Nd4 Qb6 7. Nb3 Nf6 8.
Nc3 e6 9. Be3 Qc7 10. Be2 Bb4 11. Qd3 O-O 12. Bd2 a6 13. a3 Be7 14. O-O b5 15.
Qg3 Qxg3 16. hxg3 Bb7 17. Bd3 Rac8 18. f4 d6 19. Nd1 Bd8 20. Kh1 Bb6 21. Nf2 Nd4
22. Bc3 Nxb3 23. cxb3 h5 24. Rad1 e5 25. fxe5 dxe5 26. Bxe5 Bxf2 27. Bxf6 Bxg3
28. Rf3 h4 29. Bc3 Rcd8 30. Re3 Rfe8 31. Rf1 Re6 32. Be1 Bxe1 33. Rfxe1 Re5 34.
Kh2 Rde8 35. R3e2 f6 36. g3 hxg3+ 37. Kxg3 Kf7 38. Kf2 Rh8 39. Ke3 g5 40. Kd2
Rd8 41. Kc3 Rh8 42. Kd2 Rd8 43. Kc3 a5 44. b4 axb4+ 45. axb4 Kg6 46. Rf1 g4 47.
Ref2 Rd6 48. Rf4 Bc8 49. R4f2 Kg5 50. Rh1 Re7 51. Rh8 Rc7+ 52. Kd2 Be6 53. Ke3
Rc1 54. Rfh2 Re1+ 55. Be2 f5 56. R2h5+ Kf6 57. Kf2 Rxe2+ 58. Kxe2 Bc4+ 59. Ke1
Rd3 60. Rxf5+ Kg7 61. Rh4 Re3+ 62. Kd2 Rxe4 63. Rg5+ Kf6 64. Rhxg4 Re2+ 65. Kc3
Re3+ 66. Kd4 Rb3 67. Rg2 Rxb4 68. Kc5 Rb3 69. R5g3 Rxg3 70. Rxg3 Ke7 71. Rg7+
Kd8 72. Rb7 Bf1 73. Rxb5 Kc7 74. Rb6 Be2 75. b4 Bf1 76. b5 Kd7 77. Rf6 Bg2 78.
Rf7+ Kc8 79. Kb6 1-0

[Event "TCh-CHN Division A 2014"]
[Site "Jiangmen CHN"]
[Date "2014.04.14"]
[Round "3.4"]
[White "Li, Xueyi"]
[Black "Huang, Qian"]
[Result "0-1"]
[BlackTitle "WGM"]
[WhiteElo "2193"]
[BlackElo "2464"]
[WhiteTeam "Guangdong"]
[BlackTeam "Chongqing"]
[WhiteFideId "8605912"]
[BlackFideId "8602689"]
[EventDate "2014.04.12"]

1. d4 d6 2. c4 e5 3. Nc3 exd4 4. Qxd4 Nc6 5. Qd2 Be6 6. b3 a5 7. Bb2 Nf6 8. e4
a4 9. Rd1 axb3 10. axb3 Nd7 11. Rb1 Nc5 12. Qd1 Be7 13. Bd3 Nb4 14. Bc2 c6 15.
Nge2 Qb6 16. Bc1 Bf6 17. Be3 O-O 18. O-O Qa5 19. Rc1 Rfd8 20. Bb1 Qa3 21. Bc2
Qb2 22. Nd4 Bxd4 23. Bxd4 Nxc2 24. Rb1 Qa3 25. Qxc2 f6 26. f4 Bf7 27. Rf3 Ne6
28. Be3 Qb4 29. Rh3 Nf8 30. Ne2 d5 31. cxd5 cxd5 32. Bc5 Qxe4 33. Qxe4 dxe4 34.
Re3 Ne6 35. Bb4 f5 36. g4 fxg4 37. Rf1 Nd4 38. Rxe4 Nf3+ 39. Kf2 Nxh2 40. Rc1
Re8 41. Kg2 0-1

[Event "TCh-CHN Division A 2014"]
[Site "Jiangmen CHN"]
[Date "2014.04.14"]
[Round "3.5"]
[White "Lou, Yiping"]
[Black "Ma, Qun"]
[Result "0-1"]
[WhiteTitle "IM"]
[BlackTitle "GM"]
[WhiteElo "2461"]
[BlackElo "2621"]
[WhiteTeam "Shanghai"]
[BlackTeam "Tianjing"]
[WhiteFideId "8603928"]
[BlackFideId "8603154"]
[EventDate "2014.04.12"]

1. d4 d5 2. c4 c6 3. Nc3 Nf6 4. e3 Bf5 5. Nf3 e6 6. Nh4 Bg6 7. Nxg6 hxg6 8. Bd3
Nbd7 9. O-O Bd6 10. h3 a6 11. c5 Bc7 12. f4 Nh5 13. Qf3 f5 14. g4 Nhf6 15. g5
Ne4 16. Bxe4 dxe4 17. Qg2 e5 18. Rd1 Qe7 19. b4 exf4 20. exf4 a5 21. d5 axb4 22.
d6 Qe6 23. dxc7 bxc3 24. Be3 Rc8 25. Rd6 Qf7 26. Rc1 Nf8 27. Rxc3 Ne6 28. Qb2
Rxc7 29. Ra3 O-O 30. Ra7 Re7 31. Qb3 Rd8 32. Qd1 Red7 33. Qb3 Rxd6 34. cxd6 Rd7
35. Ra8+ Nf8 36. Qa3 Qd5 37. Kg2 Kf7 38. Rb8 Ne6 39. Qa8 Qxd6 40. Rxb7 Rxb7 41.
Qxb7+ Kg8 42. Qb3 Kh7 43. Kg3 Nxg5 44. a4 Nf3 45. a5 c5 46. Qa2 Qd3 47. Kf2 Nd4
48. Qd2 Qa3 49. a6 Qxa6 50. Bxd4 cxd4 51. Qxd4 Qd3 0-1

[Event "TCh-CHN Division A 2014"]
[Site "Jiangmen CHN"]
[Date "2014.04.14"]
[Round "3.5"]
[White "Zhou, Jianchao"]
[Black "Savchenko, Boris"]
[Result "1-0"]
[WhiteTitle "GM"]
[BlackTitle "GM"]
[WhiteElo "2590"]
[BlackElo "2598"]
[WhiteTeam "Shanghai"]
[BlackTeam "Tianjing"]
[WhiteFideId "8603537"]
[BlackFideId "4147332"]
[EventDate "2014.04.12"]

1. d4 Nf6 2. c4 g6 3. Nc3 Bg7 4. Bg5 O-O 5. e4 d6 6. Qd2 c5 7. d5 e6 8. Bd3 a6
9. Nge2 exd5 10. exd5 Nbd7 11. Ng3 Re8+ 12. Be2 b5 13. O-O b4 14. Nd1 Qe7 15. f3
a5 16. Nf2 Ba6 17. Rac1 a4 18. Rfe1 Qf8 19. Bf4 Ne5 20. Bf1 Nfd7 21. Nge4 h6 22.
b3 g5 23. Bxe5 Rxe5 24. f4 gxf4 25. Qxf4 Rae8 26. Nd3 f5 27. Ng3 Rxe1 28. Rxe1
Bd4+ 29. Kh1 Ne5 30. Nxf5 Nxd3 31. Qg3+ Kf7 32. Bxd3 Rxe1+ 33. Qxe1 Be5 34. bxa4
Ke8 35. Qh4 Bc8 36. Qxh6 Qxh6 37. Nxh6 Bf4 38. Nf5 Kd7 39. g4 Kc7 40. h4 Bd7 41.
g5 Bxa4 42. g6 Be8 43. g7 Bf7 44. Ne7 1-0

[Event "TCh-CHN Division A 2014"]
[Site "Jiangmen CHN"]
[Date "2014.04.14"]
[Round "3.5"]
[White "Khotenashvili, Bela"]
[Black "Zhang, Xiaowen"]
[Result "1-0"]
[WhiteTitle "GM"]
[BlackTitle "WGM"]
[WhiteElo "2504"]
[BlackElo "2355"]
[WhiteTeam "Tianjing"]
[BlackTeam "Shanghai"]
[WhiteFideId "13602640"]
[BlackFideId "8603219"]
[EventDate "2014.04.12"]

1. d4 Nf6 2. c4 g6 3. Nc3 Bg7 4. Nf3 O-O 5. e4 d6 6. h3 Na6 7. Bg5 e5 8. d5 h6
9. Be3 Nc5 10. Nd2 a5 11. Be2 Bd7 12. g4 a4 13. a3 c6 14. h4 Qa5 15. Kf1 Rfb8
16. g5 hxg5 17. hxg5 Nh7 18. f3 Qd8 19. Qe1 Nxg5 20. Qh4 f6 21. f4 exf4 22. Bxf4
Qe7 23. Qg3 Re8 24. Re1 Ncxe4 25. Ndxe4 Nxe4 26. Qxg6 Nxc3 27. Qh7+ Kf8 28. Bh6
Qf7 29. Qh8+ Qg8 30. Bxg7+ 1-0

[Event "TCh-CHN Division A 2014"]
[Site "Jiangmen CHN"]
[Date "2014.04.14"]
[Round "3.5"]
[White "Ning, Chunhong"]
[Black "Ju, Wenjun"]
[Result "0-1"]
[WhiteTitle "WGM"]
[BlackTitle "WGM"]
[WhiteElo "2292"]
[BlackElo "2582"]
[WhiteTeam "Tianjing"]
[BlackTeam "Shanghai"]
[WhiteFideId "8600376"]
[BlackFideId "8603006"]
[EventDate "2014.04.12"]

1. e4 c5 2. Nf3 d6 3. Bb5+ Nc6 4. O-O Bd7 5. Re1 Nf6 6. c3 a6 7. Bxc6 Bxc6 8. d4
Bxe4 9. Bg5 d5 10. Nbd2 Bg6 11. Qb3 b5 12. dxc5 e6 13. a4 Bxc5 14. axb5 Qb6 15.
Be3 Bxe3 16. fxe3 O-O 17. bxa6 Rxa6 18. Rxa6 Qxa6 19. c4 dxc4 20. Nxc4 h6 21.
Nce5 Be4 22. Rc1 Qa7 23. Nc6 Bxc6 24. Rxc6 Qa1+ 25. Kf2 Ne4+ 26. Ke2 Qh1 27. Ne1
Qxh2 28. Qc2 Ng3+ 29. Kf2 Nf5 30. Qe4 Qg3+ 31. Ke2 Qb8 32. Qc2 Rd8 33. Nf3 Qg3 0-1

[Event "TCh-CHN Division A 2014"]
[Site "Jiangmen CHN"]
[Date "2014.04.14"]
[Round "3.6"]
[White "Yu, Chaojie"]
[Black "Li, Di"]
[Result "0-1"]
[BlackTitle "FM"]
[WhiteElo "2107"]
[BlackElo "2209"]
[WhiteTeam "Qingdao Qingwei"]
[BlackTeam "Chengdu"]
[WhiteFideId "8608555"]
[BlackFideId "8607508"]
[EventDate "2014.04.12"]

1. e4 c5 2. Nf3 e6 3. c3 Nf6 4. e5 Nd5 5. d4 cxd4 6. cxd4 d6 7. Bd3 Nc6 8. a3
Be7 9. O-O dxe5 10. dxe5 Qc7 11. Qe2 Bd7 12. Bd2 g5 13. Nc3 g4 14. Ne1 Qxe5 15.
Qxg4 Nf6 16. Qh3 Nd4 17. Nc2 Nxc2 18. Bxc2 Bc6 19. Rfe1 Qc7 20. Ne4 O-O-O 21.
Bc3 Rhg8 22. Ng3 h5 23. Be5 Qb6 24. Ne4 Ng4 25. Bg3 f5 26. Qxh5 Rg7 27. Rac1
Rdg8 28. h3 Nf6 29. Nxf6 Rxg3 30. Nxg8 Rxg2+ 31. Kh1 Rh2+ 0-1

[Event "TCh-CHN Division A 2014"]
[Site "Jiangmen CHN"]
[Date "2014.04.14"]
[Round "3.6"]
[White "Fang, Yuxiang"]
[Black "Zhao, Yuanhe"]
[Result "1-0"]
[WhiteElo "2324"]
[BlackElo "2137"]
[WhiteTeam "Qingdao Qingwei"]
[BlackTeam "Chengdu"]
[WhiteFideId "8605840"]
[BlackFideId "8609497"]
[EventDate "2014.04.12"]

1. Nf3 Nf6 2. c4 c5 3. Nc3 g6 4. g3 Bg7 5. Bg2 d5 6. cxd5 Nxd5 7. O-O Nc6 8.
Nxd5 Qxd5 9. d3 O-O 10. Be3 Bd7 11. Nd4 Qd6 12. Nxc6 Bxc6 13. Bxc6 Qxc6 14. Rc1
Qe6 15. Rxc5 Qxa2 16. Qc2 b6 17. b3 Qxc2 18. Rxc2 b5 19. b4 a5 20. bxa5 Rxa5 21.
Rb1 Bf6 22. Bd2 Ra1 23. Rxa1 Bxa1 24. Bb4 Rb8 25. e3 Bf6 26. d4 e6 27. Bd6 Rd8
28. Rc6 h5 29. Rb6 Kg7 30. Kg2 Rd7 31. Bc5 e5 32. dxe5 Bxe5 33. Rxb5 Bf6 34. h3
Rd2 35. Rb4 Rd3 36. Bb6 Kh7 37. Bc7 Rc3 38. Bf4 Kg7 39. e4 Rc5 40. Be3 Ra5 41.
f4 Ra2+ 42. Kf3 h4 43. e5 Be7 44. Rb7 Kf8 45. g4 Rh2 46. f5 Rxh3+ 47. Ke4 gxf5+
48. gxf5 f6 49. Bh6+ Ke8 50. Kd5 Ra3 51. Rb8+ Bd8 52. exf6 Ra5+ 53. Ke4 Ra4+ 54.
Kf3 Rd4 55. Bg5 Rd3+ 56. Kf2 Rd5 57. Rxd8+ 1-0

[Event "TCh-CHN Division A 2014"]
[Site "Jiangmen CHN"]
[Date "2014.04.14"]
[Round "3.6"]
[White "Zhou, Jiangnan"]
[Black "Liu, Guanchu"]
[Result "0-1"]
[BlackTitle "IM"]
[WhiteElo "2100"]
[BlackElo "2409"]
[WhiteTeam "Qingdao Qingwei"]
[BlackTeam "Chengdu"]
[WhiteFideId "8609918"]
[BlackFideId "8603901"]
[EventDate "2014.04.12"]

1. c4 f5 2. g3 Nf6 3. Bg2 g6 4. d4 Bg7 5. Nc3 d6 6. Nh3 O-O 7. d5 Na6 8. O-O Nc5
9. Be3 e5 10. dxe6 Nxe6 11. Nf4 c6 12. Nxe6 Bxe6 13. c5 d5 14. Rc1 Ng4 15. Bd4
f4 16. Bxg7 Kxg7 17. Qd4+ Qf6 18. Rcd1 g5 19. Qxf6+ Rxf6 20. Rd4 Raf8 21. Nd1 b5
22. Bh3 Nxf2 23. Bxe6 Nxd1 24. Rdxd1 Rxe6 25. gxf4 Rxf4 26. Rxf4 gxf4 27. Kf2
Rh6 28. Rh1 Kf6 29. h4 Rg6 30. Rh3 a5 31. h5 Rg4 32. Rh2 h6 33. e3 Kg5 34. b3 a4
35. Rh3 fxe3+ 36. Kxe3 axb3 37. axb3 Rb4 38. Kd2 Kg4 39. Re3 Re4 40. Rxe4+ dxe4
41. Ke3 Kf5 0-1

[Event "TCh-CHN Division A 2014"]
[Site "Jiangmen CHN"]
[Date "2014.04.14"]
[Round "3.6"]
[White "Ren, Xiaoyi"]
[Black "Yang, Yingxia"]
[Result "1-0"]
[WhiteElo "2130"]
[BlackElo "1827"]
[WhiteTeam "Chengdu"]
[BlackTeam "Qingdao Qingwei"]
[WhiteFideId "8608709"]
[BlackFideId "8609837"]
[EventDate "2014.04.12"]

1. d4 e6 2. Bf4 Nf6 3. Nf3 d5 4. e3 c6 5. Bd3 Be7 6. O-O O-O 7. Nbd2 Nbd7 8. c4
h6 9. c5 Nh5 10. b4 Nxf4 11. exf4 Qc7 12. Ne5 a5 13. a3 b6 14. Ndf3 bxc5 15.
bxc5 Ba6 16. Bxa6 Rxa6 17. Nxd7 Qxd7 18. Ne5 Qc7 19. Rb1 Rfa8 20. Rb2 Bf6 21.
Qd3 Bxe5 22. fxe5 R6a7 23. Rfb1 Qc8 24. g3 g6 25. Rb3 Kg7 26. Qf3 Rc7 27. Rb6
Qd8 28. h4 h5 29. Kg2 Kh7 30. Rxc6 Kg7 31. Qf6+ 1-0

[Event "TCh-CHN Division A 2014"]
[Site "Jiangmen CHN"]
[Date "2014.04.14"]
[Round "3.6"]
[White "Li, Yunshan"]
[Black "Lv, Jingen"]
[Result "1/2-1/2"]
[WhiteTitle "WFM"]
[WhiteElo "1951"]
[BlackElo "1823"]
[WhiteTeam "Chengdu"]
[BlackTeam "Qingdao Qingwei"]
[WhiteFideId "8607664"]
[BlackFideId "8610509"]
[EventDate "2014.04.12"]

1. d4 Nf6 2. c4 e6 3. g3 d5 4. Nf3 c6 5. Bg2 Bd6 6. O-O O-O 7. Qc2 Nbd7 8. Bg5
h6 9. Bxf6 Qxf6 10. Nc3 b6 11. cxd5 cxd5 12. e4 Qg6 13. Nh4 Qh7 14. Nb5 Be7 15.
Qc6 Rb8 16. exd5 exd5 17. Rfe1 Bxh4 18. gxh4 Nf6 19. Re7 Qg6 20. Kh1 Ne4 21.
Qxg6 Nxf2+ 22. Kg1 fxg6 23. Rc1 Nh3+ 24. Kh1 Nf2+ 25. Kg1 Nh3+ 26. Kh1 Nf2+ 27.
Kg1 1/2-1/2